• 首页
  • 本馆介绍
  • 公告通知
  • 最新文献
  • 馆藏检索
  • 电子资源
  • 读者导购
  • 参考咨询
  • 我的图书馆
  • 登录
  • 详细信息显示
  • 放入我的书架
  • 预约/预借图书
  • 作者相关作品
  • 分类相关作品
  • 丛书相关作品
  • 出版社相关作品

书目信息

  • 表格格式
  • 工作单格式
  • 卡片格式
题名:
革命样板戏剧本汇编
    
 
作者:
分册: 第一集  
出版信息: 北京   人民文学出版社  1974
页数: 698页
开本: 20cm
丛书名:
单 册:
中图分类: I232
科图分类:
主题词: 戏剧文学--剧本--中国
电子资源:
ISBN:
000 00488nam0 2200181 450
001 0633266500
005 20060809091616.73
010    @dCNY2.15
100    @a20060809d1974 km y0chiy0120 ea
101 0  @achi
102    @aCN@b110000
200 1  @a革命样板戏剧本汇编@Age ming yang ban xi ju ben hui bian@h第一集
210    @a北京@c人民文学出版社@d1974
215    @a698页@c插图@d20cm
606 0  @a戏剧文学@x剧本@x中国
690    @aI232@v3
801  0 @aCN@bPFT@c20060809
905    @a10447@dI232@e146
    
    革命样板戏剧本汇编.第一集.-北京:人民文学出版社,1974
    698页:插图;20cm
    
    
    ISBN :CNY2.15
    
●
相关链接 在E读中查询图书 在五车中查询图书 在当当中查询图书 在豆瓣中查询图书


正题名:革命样板戏剧本汇编     索取号:I232/146         预约/预借

序号 登录号 条形码 馆藏地/架位号 状态 备注
1 0450526   204505268   密集书库/ [索取号:I232/146] 在馆    
唐山师范学院图书馆 欢迎您!
大连网信软件有限公司© 版权所有